000 00351 a2200169 4500
001 184238
020 _a85-16-02324-9
040 _cMagnum
100 _aMachado, Ana Maria
240 1 0 _aAmigo é comigo
_lpor
245 1 0 _aAmigo é comigo
300 _a86
362 0 _a1999
440 1 _aModerna
697 _aLITERATURA JUVENIL
942 _cBK
999 _c184238
_d184238